| 000 | 00713nam a2200265 a 4500 | ||
|---|---|---|---|
| 999 |
_c5692 _d5692 |
||
| 001 | 5692 | ||
| 003 | BD-JhCC | ||
| 005 | 20171219194044.0 | ||
| 008 | 171219s1995 i a|||| || | 001 0 eng d | ||
| 020 | _a8120309723 | ||
| 035 | _a(BD-JhCC)5692 | ||
| 040 |
_aBD-JhCC _dBD-JhCC |
||
| 041 | _aeng | ||
| 082 |
_a338.5 _bPIN 1995 |
||
| 100 | _aPindyck, Robert S. | ||
| 245 |
_aMicroeconomics / _cRobert S. Pindyck and Daniel L. Rubinfeld |
||
| 250 | _a3rd ed. | ||
| 260 |
_aNew Delhi : _bPrentice,Hall of India Private Limited, _c1995. |
||
| 300 |
_a699 p. : _bill. ; _c23 cm. |
||
| 504 | _aIncludes Index | ||
| 650 | _aMicroeconomics | ||
| 700 | _aRubinfeld, Daniel L. | ||
| 942 |
_2ddc _cBK |
||